000 00708nam a22002177a 4500
999 _c9283
_d9283
003 AR-CdUCM
008 190327b ||||| |||| 00| 0 spa d
040 _aMUNICIPALIDAD PROVINCIAL DEL CUSCO
_cBIBLIOTECA MUNICIPAL DEL CUSCO
082 _23ed.
_a869.81 /
_bG21
100 _aGaleano, Eduardo H
_925387
245 _aMemoria del fuego /
260 _aBuenos Aires :
_bSiglo Veintiuno Editores,
_c1989.
300 _av.
_c21 cm.
500 _aCon dedicatoria a Luis Nieto -- Donación de la familia Nieto
505 _aContenido : v1: Los nacimientos...
650 _aAnécdotas históricas
_925388
650 _aAmérica Latina
_91130
650 _aHistoria
_9136
942 _2ddc
_cLIBROS
945 _admma